000 00512nam a2200181 i 4500
001 99177
003 ES-MaACL
005 20230906182444.0
007 t|
008 050902s1957 sp ||||1| spa d
100 1 _aAgacir.
_977504
245 1 0 _aEn la ribera del Tormes /
_cManuel Fulgencio Martín García.
260 _aSalamanca :
_bEuropa,
_c1967.
300 _a49 p. ;
_c19 cm.
852 _aES-MaACL
_jB-8524
_bR.65894
852 _aES-MaACL
_j2086-F-31
_bR.89051
852 _aES-MaACL
_jC-47089
_bR.80820
999 _c99177
_d99177